000 00410nam a22001697a 4500
003 MACL
005 20160116133100.0
008 160116b xxu||||| |||| 00| 0 eng d
040 _cMACL
041 _aEnglish
082 _a741.642/CHA
100 _aChander Krishan
_98528
245 _aWhen God Was A Child
260 _aNew Delhi
_bAsia Publisher's
_c2011
650 _aChildren
_932840
942 _2ddc
_cBK
999 _c52603
_d52603